000 00387nam a22001571a 4500
020 _a9788174790225
082 _a294.592 4
_bDEV/P
100 _aDevi Dayal Agarwal
245 _aProtocol in Srimad Bhagawat/
_cby Devi Dayal Agarwal
260 _aNew Delhi:
_bKaveri,
_c1999.
300 _a298p.
650 _aBhagavad Gita
650 _aHinduism
650 _aReligion
942 _cBK
999 _c36271
_d36271